Statistics for Geography by Letter on the Map of North America - B

Click here to take the quiz!

General Stats

  • This quiz has been taken 6,030 times
  • The average score is 12 of 20

Answers on the Map

Answers color-coded by a green-red scale on the quiz's map according to % correct below.
 

Answer Stats

Answer% Correct
Bahamas
93%
Boston
93%
Belize
92%
Baja California
91%
Barbados
88%
British Columbia
87%
Bering Strait
85%
Bermuda Triangle
85%
Baffin Island
80%
Baltimore
76%
Baton Rouge
70%
Boise
65%
Buffalo
54%
Bismarck
50%
Basseterre
33%
Banks Island
21%
Beaufort Sea
17%
Brazos River
12%
Bathurst Island
7%
Borden Island
6%

Score Distribution

Percentile by Number Answered

Percent of People with Each Score

Your Score History

You have not taken this quiz